| 000 | 00848cam a22002771 4500 | ||
|---|---|---|---|
| 001 | 17618 | ||
| 003 | BD-RjUL | ||
| 005 | 20211209000152.0 | ||
| 008 | 140217r19551950xx 001 0 eng | ||
| 035 | _a(BD-RjUL)17676 | ||
| 035 | _a(OCoLC)1510754 | ||
| 040 |
_aDLC _cFM _dDLC _dBD-RjUL _beng |
||
| 041 | _aeng | ||
| 082 |
_a658.87 _bWIT 1955 |
||
| 100 | 1 |
_aWingate, John Williams. _d1899- _954315 |
|
| 245 | 1 | 0 |
_aTechniques of retail merchandising / _cbyJohn Williams Wingate. |
| 260 |
_aNew York : _bPrentice-Hall, _cc1950 [Reprint 1955]. |
||
| 300 |
_axv, 620 p. : _billus. ; _c22 cm. |
||
| 490 | 0 | _aPrentice-Hall retailing series | |
| 504 | _aIncludes Index. | ||
| 650 | 0 |
_aRetail trade. _954316 |
|
| 700 | 1 |
_aSchaller, Elmer O. _q(Elmer Otto) _ejoint author. _954317 |
|
| 942 |
_2ddc _cBK |
||
| 999 |
_c17618 _d17618 |
||